| 000 | 00372nam a22001337a 4500 | ||
|---|---|---|---|
| 020 | _a9788184896480 | ||
| 082 | _a620.1 BEA | ||
| 100 |
_aBeatty, Millard F _969348 |
||
| 245 | _aPrinciples of engineering mechanics | ||
| 260 |
_aNEW DELLHI _bSPRINGER _c1986 |
||
| 300 | _axxii,396P | ||
| 650 |
_aMathematical concepts and methods in science and engg _969349 |
||
| 942 | _cBK | ||
| 999 |
_c576676 _d576676 |
||